000 00677 a2200205 4500
999 _c183177
_d183177
005 20211220102900.0
010 _aENG-130407
020 _a978-93-91138-46-2
_c1395.00
035 _aEN-113939
037 _bDBAD/PUB
082 _a302.230954
_b1
245 _aMany Voices, Many Worlds:
_bCritical Perspectives on Community Media in India /
260 _aIndia
_bSage Publications Pvt Ltd.
_c2021
270 _aBI/I-I Mohan Cooperative Industrial Area Mathura Road
_bNew Delhi
_e110044
300 _a342p.
_c22cm (hb)
_bindex.
700 _aFaiz Ullah
700 _aAnjali Monteiro
700 _aK.P. Jayasankar
942 _adpl
_cEN
_2ddc
_h302.230954
_mMAN